000 00931pam a2200301 a 4500
001 28802
005 20230410103618.0
008 830301s1983 nyub b 001 0 eng
035 _9(DLC) 83004057
035 _a2822588
010 _a83004057
020 _a0393017877 :
_c$18.95
040 _aDLC
_cDLC
_dDLC
043 _anc-----
_an-us---
050 1 4 _a130 F 1436.8
_bL162i 1983
082 0 0 _a327.730728
_219
100 1 _aLaFeber, Walter.
245 1 0 _aInevitable revolutions :
_bthe United States in Central America /
_cWalter LaFeber.
250 _a1st ed.
260 _aNew York :
_bNorton,
_cc1983.
300 _ax, 357 p. :
_bmaps ;
_c21 cm.
504 _aBibliography: p. 333-339.
500 _aIncludes index.
651 0 _aCentral America
_xForeign relations
_zUnited States.
651 0 _aUnited States
_xForeign relations
_zCentral America.
650 0 _aRevolutions
_zCentral America.
942 _2lcc
_cbk
999 _c22420
_d22420